[Event "RSA-chT U20A"]
[Site "Boksburg"]
[Date "2018.12.20"]
[Round "7.4"]
[White "Mabitsela, Modiba"]
[Black "Sass, Franco"]
[Result "1/2-1/2"]
[WhiteElo "993"]
[BlackElo "918"]
[PlyCount "27"]
[EventDate "2018.12.16"]
[EventType "team-tourn"]
[EventRounds "7"]
[EventCountry "RSA"]
[SourceTitle "EXT 2020"]
[Source "ChessBase"]
[SourceDate "2019.10.17"]
[SourceVersion "1"]
[SourceVersionDate "2019.10.17"]
[SourceQuality "1"]
[WhiteTeam "Capricorn U20"]
[BlackTeam "Eden District U20"]
[WhiteTeamCountry "RSA"]
[BlackTeamCountry "RSA"]

1. e4 c5 2. Nc3 e5 3. Nf3 d6 4. g3 g6 5. Bg2 Nf6 6. 0-0 Bg7 7. d3 Nc6 8. Nd5 Bg4 9. Nxf6+ Qxf6 10. h3 Bxf3 11. Qxf3 Nd4 12. Qxf6 Bxf6 13. c3 Ne6 14. c4 1/2-1/2

[Event "RSA-chT U20A"]
[Site "Boksburg"]
[Date "2018.12.19"]
[Round "6.4"]
[White "Du Plessis, Anika"]
[Black "Mabitsela, Modiba"]
[Result "1-0"]
[WhiteElo "1502"]
[BlackElo "993"]
[PlyCount "51"]
[EventDate "2018.12.16"]
[EventType "team-tourn"]
[EventRounds "7"]
[EventCountry "RSA"]
[SourceTitle "EXT 2020"]
[Source "ChessBase"]
[SourceDate "2019.10.17"]
[SourceVersion "1"]
[SourceVersionDate "2019.10.17"]
[SourceQuality "1"]
[WhiteTeam "Ekurhuleni U20"]
[BlackTeam "Capricorn U20"]
[WhiteTeamCountry "RSA"]
[BlackTeamCountry "RSA"]

1. e4 e5 2. Nf3 d6 3. Nc3 Nc6 4. d4 Bd7 5. Bc4 Nf6 6. Ng5 d5 7. Nxd5 Be6 8. Nxf6+ Qxf6 9. d5 0-0-0 10. Bd3 Bc5 11. 0-0 h6 12. Nxe6 fxe6 13. dxc6 b6 14. Ba6+ Kb8 15. Qe2 Rd6 16. Bb7 Rhd8 17. Be3 Bxe3 18. Qxe3 Rd2 19. a4 Rxc2 20. a5 b5 21. Qb3 Rdd2 22. Qxb5 Rxb2 23. Qc5 g5 24. Qe3 g4 25. Rad1 Rdc2 26. Qd3 1-0

[Event "RSA-chT U20A"]
[Site "Boksburg"]
[Date "2018.12.18"]
[Round "5.4"]
[White "Mabitsela, Modiba"]
[Black "Van Zyl, Albrecht"]
[Result "0-1"]
[WhiteElo "993"]
[BlackElo "1610"]
[PlyCount "64"]
[EventDate "2018.12.16"]
[EventType "team-tourn"]
[EventRounds "7"]
[EventCountry "RSA"]
[SourceTitle "EXT 2020"]
[Source "ChessBase"]
[SourceDate "2019.10.17"]
[SourceVersion "1"]
[SourceVersionDate "2019.10.17"]
[SourceQuality "1"]
[WhiteTeam "Capricorn U20"]
[BlackTeam "Western Province U20"]
[WhiteTeamCountry "RSA"]
[BlackTeamCountry "RSA"]

1. e4 c5 2. c4 Nc6 3. Nc3 g6 4. Nf3 Bg7 5. d3 e6 6. Be2 Nge7 7. 0-0 0-0 8. Re1 f5 9. Bf1 a6 10. g3 b6 11. Bg2 Bb7 12. Rb1 h6 13. Qc2 g5 14. exf5 Nxf5 15. Ne5 Bxe5 16. Bxc6 Bxc6 17. Rxe5 Nd4 18. Bxg5 hxg5 19. Qd1 Nf3+ 20. Kf1 Nxe5 21. Ne4 Bxe4 22. dxe4 Qf6 23. f3 Nxf3 24. Kg2 g4 25. Qc2 Nd4 26. Qd2 Qf3+ 27. Kg1 Ne2+ 28. Qxe2 Qxe2 29. a3 Qe3+ 30. Kh1 Qxe4+ 31. Kg1 Qxb1+ 32. Kg2 Qf1# 0-1

[Event "RSA-chT U20A"]
[Site "Boksburg"]
[Date "2018.12.17"]
[Round "3.4"]
[White "Landitho, Mzwandile"]
[Black "Mabitsela, Modiba"]
[Result "1-0"]
[WhiteElo "1498"]
[BlackElo "993"]
[PlyCount "125"]
[EventDate "2018.12.16"]
[EventType "team-tourn"]
[EventRounds "7"]
[EventCountry "RSA"]
[SourceTitle "EXT 2020"]
[Source "ChessBase"]
[SourceDate "2019.10.17"]
[SourceVersion "1"]
[SourceVersionDate "2019.10.17"]
[SourceQuality "1"]
[WhiteTeam "Johannesburg Metro U20"]
[BlackTeam "Capricorn U20"]
[WhiteTeamCountry "RSA"]
[BlackTeamCountry "RSA"]

1. e4 e5 2. Nf3 d6 3. d4 exd4 4. Nxd4 Qe7 5. Bd3 d5 6. 0-0 Qc5 7. exd5 Qxd5 8. Nc3 Qd8 9. Ne4 Nf6 10. Bg5 Be7 11. Nxf6+ Bxf6 12. Re1+ Kf8 13. Bxf6 Qxf6 14. Qe2 Bd7 15. Nb5 Nc6 16. Nxc7 Rc8 17. Nb5 Qxb2 18. Nd6 Rd8 19. Rab1 Qxa2 20. Rxb7 Qe6 21. Qxe6 Bxe6 22. Nb5 a5 23. h3 g6 24. Ra1 Kg7 25. Be4 Bd5 26. Bxd5 Rxd5 27. c4 Rc5 28. Nd6 Rf8 29. Rb5 Rxb5 30. cxb5 Rd8 31. Nb7 Ra8 32. bxc6 a4 33. Nd6 Ra7 34. Rxa4 Rxa4 35. c7 Ra1+ 36. Kh2 Rc1 37. c8Q Rxc8 38. Nxc8 f6 39. Kg3 f5 40. Kf4 Kf6 41. h4 h6 42. g4 fxg4 43. Kxg4 h5+ 44. Kf4 Kg7 45. Kg5 Kf7 46. Ne7 Kxe7 47. Kxg6 Kf8 48. f4 Kg8 49. f5 Kf8 50. Kf6 Ke8 51. Kg7 Ke7 52. f6+ Ke8 53. f7+ Kd7 54. f8Q Kc6 55. Qf5 Kb7 56. Qc5 Kb8 57. Qc6 Ka7 58. Qb5 Ka8 59. Kf7 Ka7 60. Ke7 Ka8 61. Kd7 Ka7 62. Kc7 Ka8 63. Qb7# 1-0

[Event "RSA-chT U18"]
[Site "Cape Town"]
[Date "2016.01.06"]
[Round "6.10"]
[White "Badenhorst, Mandie"]
[Black "Mabitsela, Modiba"]
[Result "0-1"]
[WhiteElo "966"]
[BlackElo "860"]
[PlyCount "56"]
[EventDate "2016.01.04"]
[EventType "team-tourn"]
[EventRounds "7"]
[EventCountry "RSA"]
[SourceTitle "CBM 170 Extra"]
[Source "ChessBase"]
[SourceDate "2016.02.25"]
[SourceVersion "1"]
[SourceVersionDate "2016.02.25"]
[SourceQuality "1"]
[WhiteTeam "Kenneth Kaunda"]
[BlackTeam "Capricorn"]
[WhiteTeamCountry "RSA"]
[BlackTeamCountry "RSA"]

1. d4 d5 2. Bf4 e6 3. Nf3 Nc6 4. e3 a6 5. c3 g6 6. Bd3 Nf6 7. Qc2 Bd6 8. Bxd6 Qxd6 9. Nbd2 e5 10. e4 dxe4 11. Nxe4 Nxe4 12. Bxe4 exd4 13. Bxc6+ Qxc6 14. Qe2+ Be6 15. cxd4 0-0 16. 0-0 Bc4 17. Ne5 Bxe2 18. Nxc6 bxc6 19. Rfe1 Rfe8 20. Rac1 Rab8 21. b3 Bb5 22. Rxe8+ Rxe8 23. g3 Rd8 24. a4 Bd3 25. Rxc6 Rxd4 26. Rxc7 Be4 27. h4 Rd1+ 28. Kh2 Rh1# 0-1